000
00381nam a22001577a 4500
003
MPLRDC
005
20220104143208.0
008
210129b ||||| |||| 00| 0 eng d
082
_a
446.19 QK
100
_a
秦昆编著
245
_a
电动机械模型
_c
260
_a
_b
香港万里书店
_c
1974
300
_b
平
650
_a
机械设计与制图
942
_c
BK
_o
446.19 QK
999
_c
37538
_d
37528